Quizzes
Events
Quiz Creation
Community
Videos
Private Events
Remove Ads
Sign In
Join for FREE
Feedback
Dark Mode
Quiz Categories
Sports
Geography
Music
Movies
Television
Just For Fun
Miscellaneous
History
Literature
Language
Science
Gaming
Entertainment
Religion
Holiday
For Kids
Quiz Lab
Recent
Popular Today
Quiz Kudos Today
Editor Picks
Curator Picks
Quizzes by...
Day
Popularity
Type
Ratings
Length
Year
Community
Subscriptions
Recent Discussions
Orange Saloon
Badges
Playlists
Quests
Create
Leaderboards
Showdown
Live 5
Trivia Bingo
Activity
Puzzle Library
Sporcle Events
Private Events
Virtual Trivia
Globe League
Become a Host
Pub Owners
SporcleCon
Opinionation
Our Games
Videos
Blog
Mobile Apps
Partnerships
Remove Ads and Go Orange
Feedback
Gaming
Video Games
Board Games
Card Games
Pokémon
Mario
Nintendo
Minecraft
Console
Toys
Legend of Zelda
Gaming
Video Games
Board Games
Card Games
Pokémon
Mario
Nintendo
Minecraft
Console
Toys
Legend of Zelda
Random Quiz
Search Sporcle
×
Quiz Lab
Quiz Lab
Gaming
Wonder
Select answers by clicking on text or image buttons
Select answers by clicking on text or image buttons
Clickable
Best Score? Go Orange.
Civilization V Wonders by Effect Stats
Can you pick the World Wonders in Civilization V what they do when you build them?
By
XYoshiaipomX
7m
47 Questions
290 Plays
290 Plays
290 Plays
Comments
Comments
Give Quiz Kudos
Give Quiz Kudos
-
- Ratings
hide this ad
Forced Order
Answers have to be entered in order
Answers have to be entered in order
Replay
Link that replays current quiz
Next Quiz
Link to next quiz in quiz playlist
You Got
0%
They Got
Avg Score
67%
Avg Friend Score
Upgrade to see
Score Distribution
Jump to the score distribution portion of the page
Score
0/47
Timer
07:00
0
Plays Today
% Correct
Pyramids
87.9%
Terracotta Army
86.6%
Great Lighthouse
85.5%
Great Wall
85.2%
Petra
84.1%
Great Firewall
81.4%
Hanging Gardens
81%
CN Tower
80%
Colossus
79%
Great Library
78.6%
Oracle
77.2%
Forbidden Palace
75.5%
Mausoleum of Halicarnassus
73.4%
Porcelain Tower
72.1%
Chichen Itza
71.4%
Taj Mahal
70.3%
Eiffel Tower
69%
Neuschwanstein
69%
Globe Theatre
67.9%
Stonehenge
67.6%
Notre Dame
67.6%
Hagia Sophia
67.6%
Borobudur
67.2%
Statue of Zeus
65.9%
% Correct
Leaning Tower of Pisa
65.2%
Brandenburg Gate
65.2%
Pentagon
65.2%
Hubble Space Telescope
64.8%
Alhambra
63.8%
Temple of Artemis
63.1%
Red Fort
62.8%
Broadway
62.8%
Parthenon
61.7%
Big Ben
61.7%
Louvre
61.7%
Machu Picchu
61.4%
Angkor Wat
61%
Great Mosque of Djenne
60.3%
Cristo Redentor
60.3%
Sistine Chapel
60%
Himeji Caslte
58.3%
Kremlin
55.5%
Statue of Liberty
53.4%
Uffizi
51.7%
International Space Station
49.7%
Prora
47.9%
Sydney Opera House
46.9%
Quiz Playlist
Details
Report
Send in Message
Add To Playlist
Clickable:
Select answers by clicking on text or image buttons
Forced Order:
Answers have to be entered in order
Quiz Source
Last Updated: Apr 23, 2020
Quiz Scoreboard
CHALLENGE
Sign Up to Join the Scoreboard
Show All
Scores
Hide
Comments
May contain spoilers
Recently Published
9x9 Crossword: Cartoon Network
by jackfrog10
Miscellaneous
3m
College Basketball Coaching Resumes
by pancakes188
Sports
9m
Billboard Blitz: Fleetwood Mac
by CooCooCachoo
Music
15s
More to Explore
Quiz From the Vault
Featured Blog Post
Where Did the Easter Bunny Come From?
hide this ad
You Might Also Like...
Tags
7 Wonders
Civil
Civilization
effect
Empires Civilizations
Modern Wonders
Seven Wonders
Side Effects
Wonder
Wonders of the World
Today's Top Quizzes in Gaming
Browse Gaming
hide this ad
Today's Top Quizzes in Wonder
Browse Wonder
Top Contributed Quizzes in Gaming
1
5-to-1: Consoles
2
7-to-1: Board Game Piece Blitz
3
5-to-1: Legend of Zelda
4
League of Legends Pro Players by Career/Team History
5
Destiny 2 exotic weapons by perk icons
6
Ultimate Genshin Impact Logic Puzzle (up to 4.3)
7
Franchise by Action Figure
8
Who's on the WWE 2K24 Cover?
9
Genshin Impact Logic Puzzle Quiz
10
Overwatch Logic Puzzle
Explore More
Trending Topics
NBA
Disney
Crossword
Kpop
Marvel
Harry Potter
Anime
Soccer
Country
The Office
Pokémon
NFL
Puzzle
WWE
Song
hide this ad
More By:
XYoshiaipomX
Quiz
Plays
Rating
Category
Featured
Created
Name the Hearthstone Cards by Quote
15,149
4.36
Gaming
Dec 10, 2013
Europa Universalis IV Nations By Flag
5,717
5.00
Gaming
Feb 22, 2015
Terraria Grab Bag
2,301
2.38
Gaming
Jul 23, 2011
All Hearthstone Class Cards
1,956
5.00
Gaming
Jan 5, 2014
Europa Universalis IV Countries: Europe
1,885
4.40
Gaming
Jun 1, 2016
Go to Creator's Profile
Score Distribution
Quiz Creator Spotlight
XYoshiaipomX
Follow
Send a Message
Quizzes Created
-
Created Quiz Play Count
-
More By This Creator
Popular Quizzes Today
1
Find the US States - No Outlines Minefield
2
Find the Countries of Europe - No Outlines Minefield
3
The Countries of the World
4
Find the US States
5
Risky Map Clicking: Biggest States A-Z
6
US States
7
Popular People in 1961
8
Movies - When Are They Set?
More Gaming Quizzes
Galarian Form Pokémon
Quiz Lab
Trending Quizzes
Risky Map Clicking: Least Populous States A-Z
1-10 Letter G Words
1-10 Letter F Words
Risky Map Clicking: Next State Alphabetically
Adjectives in 80s TV Shows
Recently Updated
Leaping Animals
pecheneg
Reality TV Shows (A-Z)
bhenderson79
Rickey Henderson's Hall of Fame Teammates
pecheneg
Champions League XIs: Arsenal
pecheneg
Quick Pick: Celebrities in WWE's Hall of Fame
aduchscher
A-Z Keypad Blitz II
pecheneg
Multiple Oscar Actors
pecheneg
Mystery Phrase Blitz: Oscar 'Best Actors'
pecheneg
F. Scott Fitzgerald Novels
LTH
Pick 3 Villains
ddd62291
Trending Topics
Harry Potter
Marvel
Crossword
Anime
Kpop
Disney
NBA
Soccer
Song
WWE
The Office
Puzzle
NFL
Country
Pokémon
Your Account Isn't Verified!
In order to create a playlist on Sporcle, you need to verify the email address you used during registration. Go to your
Sporcle Settings
to finish the process.
Report this User
Report this user for behavior that violates our
Community Guidelines
.
Details:
Send Report
Go to the Sporcle.com Mobile Site →
Comments